Top 4 pozycje w mistrzostwach świata mężczyzn - Statystyki

Ogólne statystyki
  • Ten quiz został rozwiązany 43 880 razy
  • Średni wynik to 21 z 26
Statystyki odpowiedzi
Odpowiedź % Poprawnych
Argentyna
99%
Francja
99%
Brazylia
98%
Niemcy
98%
RFN
98%
Hiszpania
96%
Polska
96%
Włochy
93%
Chorwacja
91%
Związek Radziecki
91%
Anglia
90%
Portugalia
89%
Urugwaj
87%
Holandia
86%
Belgia
84%
Maroko
83%
Stany Zjednoczone
82%
Szwecja
76%
Czechosłowacja
72%
Chile
62%
Turcja
61%
Węgry
60%
Korea Południowa
57%
Austria
56%
Jugosławia
52%
Bułgaria
37%
Nie znaleziono quizów pasujących do podanych kryteriów
Rozkład punktacji
Procent ludzi z każdym wynikiem
Percentyl według liczby udzielonych odpowiedzi
Twoja historia wyników
Nie rozwiązałeś tego quizu